banner-ar

GOING TO WORK IN ENGLISH: THE ENGLISH YOU NEED FOR GETTING A JOB / (Record no. 15639)

MARC details
000 -الفاتح
حقل البيانات ثابتة الطول 00545nam a2200205Ia 4500
008 - عناصر البيانات ثابتة الطول - معلومات عامة
حقل البيانات ثابتة الطول 140319s9999 xx 000 0 eng d
040 ## - مصدر الفهرسة
وكالة الفهرسة الأصلية GCL /
وكالة النسخ GCL
082 04 - رقم تصنيف ديوى العشرى
رقم التصنيف 428
رقم المادة N G
100 1# - المدخل الرئيسى - إسم شخصى
الإسم الشخصى NARMAN, SUSAN
245 10 - بيان العنوان
العنوان GOING TO WORK IN ENGLISH: THE ENGLISH YOU NEED FOR GETTING A JOB /
بيان المسئوليه,etc NARMAN, SUSAN
700 1# - المدخل الاضافى - اسم شخصى
الإسم الشخصى FARAM,CHRIS
260 ## - PUBLICATION, DISTRIBUTION, ETC. (IMPRINT)
تاريخ النشر أو التوزيع 1982
300 ## - الوصف المادى
التعداد 129 P
650 04 - المدخل الاضافى بالموضوع-مصطلح موضوعى
مصطلح موضوعي ENGLISH LANGUAGE
650 04 - المدخل الاضافى بالموضوع-مصطلح موضوعى
مصطلح موضوعي LANGUAGES
650 04 - المدخل الاضافى بالموضوع-مصطلح موضوعى
مصطلح موضوعي ENGLISH - WRITING
650 04 - المدخل الاضافى بالموضوع-مصطلح موضوعى
مصطلح موضوعي SPELLING
942 ## - عناصر المدخل الإضافي( كوها)
مصدر التصنيف او مخطط الترفيف Dewey Decimal Classification
Koha [default] item type كتاب
260 ## - PUBLICATION, DISTRIBUTION, ETC. (IMPRINT)
-- [S.N] :
-- AL SHOROUK ،
Holdings
حالة التراجع حالة الفقد حالة تلف ليس للاعارة المكان المؤقت الموقع الحالى تاريخ الاكتساب اجمالي اﻻعارات رقم الطلب الباركود تاريخ اخر مشاهدة تاريخ تفعيل السعر نوع وعاء كوها
        مكتبة القاهرة الكبرى مكتبة القاهرة الكبرى 03/26/2014   428\N G 28894 03/26/2014 03/26/2014 كتاب

Powered By

EGPV